000 00399cam a2200169ua 4500
020 _c6.00
041 _aeng
_h
082 _a940
_bRAB/MO
100 _aRabindranath, P .
245 _aModern Europe /
_cP.Rabindranath.
_hTextual Documents
260 _a :
_bCommercial Literature co. ,
_c1973.
300 _a344 ; .
365 _a6.00
504 _a
942 _cBK
999 _c1230
_d1230